Statistics for NHL Canada 2014 Olympic Hockey Team

Click here to take the quiz!

General Stats

  • This quiz has been taken 670 times
  • The average score is 17 of 27

Answer Stats

Position + Jersey Number Answer % Correct
F #87 (C)Sidney Crosby
98%
G #31Carey Price
91%
F #16 (A)Jonathan Toews
86%
G #1Roberto Luongo
83%
D #76P.K Subban
83%
D #2Duncan Keith
80%
D #8Drew Doughty
79%
D #6 (A)Shea Weber
78%
F #37Patrice Bergeron
77%
F #24Corey Perry
73%
F #15Ryan Getzlaf
73%
F #61Rick Nash
70%
Head CoachMike Babcock
70%
F #26Martin St. Louis
57%
F #20John Tavares
57%
F #22Jamie Benn
55%
F #77Jeff Carter
54%
G #41Mike Smith
53%
D #44Marc-Édouard Vlasic
52%
D #27Alex Pietrangelo
52%
General ManagerSteve Yzerman
48%
F #12Patrick Marleau
48%
F #14Chris Kunitz
46%
F #9Matt Duchene
45%
D #19Jay Bouwmeester
40%
F #10Patrick Sharp
31%
D #5Dan Hamhuis
25%

Score Distribution

Percentile by Number Answered

Percent of People with Each Score

Your Score History

You have not taken this quiz